000 00592nam a2200265Ia 4500
005 20260306164002.0
008 008 260114s9999 xx 000 0 eng d
020 _a9781479822980
037 _aEBOOK
040 _aCRL
040 _beng
040 _cCRL
041 _2eng
041 _aeng
084 _qCRL
100 _aDarling, Perzanowski
_91129762
245 0 _aCreativity Without Law
260 _bNYU Press
260 _c2017
650 _aLaw
856 _uhttps://academic.oup.com/book/35778
942 _cEBOOK
999 _c1712293
_d1712293